Bioinformatics : managing scientific data (Record no. 173872)

MARC details
000 -LEADER
fixed length control field 00519nam a2200157Ia 4500
008 - FIXED-LENGTH DATA ELEMENTS--GENERAL INFORMATION
fixed length control field 231217s9999 xx 000 0 und d
041 ## - LANGUAGE CODE
Language code of text/sound track or separate title English
082 ## - DEWEY DECIMAL CLASSIFICATION NUMBER
Classification number 574.880285 LAC;2 R1
100 ## - MAIN ENTRY--PERSONAL NAME
Personal name Lacroix, Zoe ed Critchlow, Terence ed Fox, Edward A ed
245 #0 - TITLE STATEMENT
Title Bioinformatics : managing scientific data
260 ## - PUBLICATION, DISTRIBUTION, ETC.
Date of publication, distribution, etc. 2003
Name of publisher, distributor, etc. Morgan Kaufmann,
300 ## - PHYSICAL DESCRIPTION
Extent xxi+441
400 ## - SERIES STATEMENT/ADDED ENTRY--PERSONAL NAME [OBSOLETE, CAN/MARC], [LOCAL, USA]
Personal name Morgan Kaufmann series in multimedia information and systems
650 ## - SUBJECT ADDED ENTRY--TOPICAL TERM
Topical term or geographic name entry element Bioinformatics,:,managing,scientific,data
942 ## - ADDED ENTRY ELEMENTS (KOHA)
Koha item type Books
Holdings
Date last seen Total checkouts Full call number Accession number Cost, total (INR) price Price effective from Category Lost status Damaged status Department Withdrawn status Home library Current library Shelving location Entry date Vendor Cost, normal purchase price Grants Billnumber Billdate Currency symbol Conversion rate Discount Old discount
26/01/2024   574.880285 LAC;2 R1 31903 296.25 26/01/2024 Books     Central Library   Central Library Central Library Central Library 02/02/2005 Panima publ. 395.00 BT/PG 1498 09/09/2007 RS 1 98.75 25

© For any Suggestions or Query, please contact the library staff @ librarian@pes.edu or Phone: +9180 2672 1983/ 2108.